Sieťový server pre zariadenia komunikujúce prostredníctvom technológie LoRa

Gespeichert in:
Bibliographische Detailangaben
1. Verfasser: Cagáň, Karol (Verfasst von)
Weitere Verfasser: Perešíni, Ondrej (Betreuung Doktorarbeit)
Format: Manuskript Buch
Sprache:Slowakisch
Veröffentlicht: 2017
Schlagworte:
Online-Zugang:http://is.stuba.sk/zp/portal_zp.pl?podrobnosti=131715
Tags: Tag hinzufügen
Keine Tags, Fügen Sie das erste Tag hinzu!

MARC

LEADER 00000ntm a22000003a 4500
001 stuzp64538
003 SK-STU
005 20170624213525.1
007 ta
008 150427s2015----xo-----f-mn---000-0-slo-d
040 |a STU  |b slo 
041 0 |a slo 
100 1 |a Cagáň, Karol  |u 070400  |4 aut  |U FIIT Fakulta informatiky a informačných technológií  |T FIIT Ústav počítačového inžinierstva a aplikovanej informatiky  |X 72028  |U I400  |Y 672  |7 72028 
242 0 1 |a LoRa based network server design  |y eng 
245 1 0 |a Sieťový server pre zariadenia komunikujúce prostredníctvom technológie LoRa 
260 |c 2017 
650 4 |a LoRa  |2 slo 
650 4 |a Sieťový server  |2 slo 
650 4 |a Internet vecí  |2 slo 
650 4 |a Network server  |2 eng 
650 4 |a Internet of things  |2 eng 
650 4 |a LoRa  |2 eng 
700 1 |a Perešíni, Ondrej  |u 070400  |k Z3  |4 ths  |U FIIT Fakulta informatiky a informačných technológií  |T FIIT Ústav počítačového inžinierstva a aplikovanej informatiky  |X 56270  |U I400  |Y 672  |7 A000056270 
856 4 |u http://is.stuba.sk/zp/portal_zp.pl?podrobnosti=131715 
996 |b IZP20180117  |c I* BAP23/17  |l II680  |s P  |a 0  |w stuzp64538_0001